000 00492nam a2200145Ia 4500
008 230917s9999||||xx |||||||||||||| ||und||
040 _e200962
_aMAIN
041 _aEnglish
082 _a891.431721 SR92:YR
100 _aयादव, रामजी
245 0 _aआचार्य रामचन्द्र शुक्ल संचयन
260 _aनई दिल्ली
_bभारतीय पुस्तक परिषद
_c2011
300 _a527 पृ. p.
942 _cHN
999 _c160426
_d160426